000 00496nab a2200145Ia 4500
003 ES-SlBCS
005 20210601124320.0
008 140529s1990 xxu||||| |||| 00| 0 eng d
041 _aeng
100 1 _aHogan, David
_9139640
245 0 0 _aMoral Authority and the Antinomies of Moral Theory: Francis Wayland and Nineteenth-Century Moral Education
_c David Hogan
600 1 4 _aWayland, Francis
_9139641
773 0 _tEducational Theory
_gvol. 40, nº. 1, 1990, págs. 95-120
_wRev1399
942 _cAR
999 _c512821
_d512821